书目信息 |
| 题名: |
微波器件原理
|
|
| 作者: | 杨祥林 主编 ;张兆镗 , 张祖舜 编 | |
| 分册: | ||
| 出版信息: | 北京 电子工业出版社 1985 |
|
| 页数: | 363页 | |
| 开本: | 26cm | |
| 丛书名: | ||
| 单 册: | ||
| 中图分类: | TN12 | |
| 科图分类: | ||
| 主题词: | 微波电路-电子器件--高等学校--教材 , 电子器件-微波电路--高等学校--教材 | |
| 电子资源: | ||
| ISBN: | ||
| 000 | 00822nam0 2200277 45 | |
| 001 | 0185020800 | |
| 005 | 20060418085549.76 | |
| 010 | @dCNY4.80 | |
| 091 | @a15290.95 | |
| 100 | @a19900921d1985 em y0chiy0121 ea | |
| 101 | 0 | @achi |
| 102 | @aCN@b110000 | |
| 105 | @ay z 000yy | |
| 200 | 10 | @a微波器件原理@Awei bo qi jian yuan li@f杨祥林主编@Fyang xiang lin zhu bian@g张兆镗, 张祖舜编 |
| 210 | @a北京@c电子工业出版社@d1985 | |
| 215 | @a363页@d26cm | |
| 300 | @a高等学校教材 | |
| 606 | @a微波电路-电子器件@x高等学校@x教材 | |
| 606 | @a电子器件-微波电路@x高等学校@x教材 | |
| 690 | @aTN12@v3 | |
| 701 | 0 | @a杨祥林@Ayang xiang lin@4主编 |
| 702 | 0 | @a张兆镗@Azhang zhao tang@4编 |
| 702 | 0 | @a张祖舜@Azhang zu shun@4编 |
| 801 | 2 | @aCN@bNLC@c20060418 |
| 801 | 0 | @aCN@b深圳图书馆@c20040520 |
| 905 | @dTN12@e7 | |
| 微波器件原理/杨祥林主编/张兆镗, 张祖舜编.-北京:电子工业出版社,1985 |
| 363页;26cm |
| 高等学校教材 |
| ISBN :CNY4.80 |
| ● |
| 相关链接 |
|
|
|
|
正题名:微波器件原理
索取号:TN12/7
 
预约/预借
| 序号 | 登录号 | 条形码 | 馆藏地/架位号 | 状态 | 备注 |
| 1 | 0139039 | 202250018 | 密集书库/ [索取号:TN12/7] | 在馆 | |
| 2 | 0139040 | 001350175 | 第三借阅区/ [索取号:TN12/7] | 在馆 | |
| 3 | 0139041 | 001350219 | 密集书库/ [索取号:TN12/7] | 在馆 | |
| 4 | 0139042 | 001350139 | 第三借阅区/ [索取号:TN12/7] | 在馆 | |
| 5 | 0139043 | 001349785 | 第二样本阅览室/ [索取号:TN12/7] | 在馆 |